| LEADER 01174nam 2200277 a 4500 |
| 001 12334104681 |
| 003 ULIB |
| 008 030417s2551 th a sb 001 0 tha |
| 020 ^a9789741375530
|
| 060 4 WA30^bส183ก 2551
|
| 100 0 ^aสถิตพงศ์ ธนวิริยะกุล
|
| 245 10 การวิเคราะห์ปัญหาสาธารณสุขเชิงเศรษฐศาสตร์ =^bEconomics analysis of health problems /^cสถิตพงศ์ ธนวิริยะกุล
|
| 250 ^aพิมพ์ครั้งที่ 1
|
| 260 กรุงเทพฯ :^bหน่วยฝึกปฏิบัติงานวิชาชีพ คณะเภสัชศาสตร์ จุฬาลงกรณ์มหาวิทยาลัย,^c2551
|
| 300 ^a192 หน้า
|
| 650 7 ^aเศรษฐศาสตร์สาธารณสุข
|
| 650 7 ^aสาธารณสุข^xแง่เศรษฐศาสตร์
|
| 650 7 ^aเภสัชเศรษฐศาสตร์
|
| 710 2 จุฬาลงกรณ์มหาวิทยาลัย. ^bคณะเภสัชศาสตร์. ^bหน่วยฝึกปฏิบัติงานวิชาชีพ
|
| 913 ^aImported by ULIBM Administrator
|
| 949 ^aImport form external file by ULIBM system
|
| 999 ^aสุณิสา
|